Richest Countries in the Southern Hemisphere - Statistics

General Stats
  • This quiz has been taken 84 times
  • The average score is 7 of 10
Answer Stats
GDP p. C. (USD) Country % Correct
48,781 New Zealand
99%
60,443 Australia
97%
10,636 Argentina
93%
16,265 Chile
93%
7,055 South Africa
84%
17,313 Uruguay
81%
6,805 Botswana
54%
9,106 Mauritius
54%
14,653 Seychelles
53%
10,648 Nauru
24%
No matching quizzes found
Score Distribution
Percent of People with Each Score
Percentile by Number Answered
Your Score History
You have not taken this quiz